| 000 | 00417nam a2200121Ia 4500 | ||
|---|---|---|---|
| 008 | 220620s9999||||xx |||||||||||||| ||und|| | ||
| 100 | _aSameh Magdeldin | ||
| 245 | 0 | _aAffinity Chromatography | |
| 546 | _aEnglish[eng] | ||
| 650 | _aLife Sciences||Genetics and Molecular Biology||Chemical Biology||Biochemistry||Bioorganic Chemistry | ||
| 856 | _uhttps://www.intechopen.com/books/affinity-chromatography | ||
| 942 | _cEB | ||
| 999 |
_c28345 _d28345 |
||